Description sommaire des principaux monuments.

Saved in:

Corporate Author: Matḥaf al-Miṣrī.

Format: Book

Language: French

Published: Le Caire : Organisme général des imprimeries gouvernementales, 1964.

Subjects:

Tags: Add Tag

No Tags, Be the first to tag this record!

Call Number: DT59 .C243 M391 1964

LEADER 00878namaa2200265 4500
001 19098
003 OSt
005 20260517050003.0
008 130303s1964 ua aef 001 0 fre d
040 |c ARCE Library 
043 |a f-ua--- 
050 4 |a DT59 .C243 M391 1964 
110 2 |a Matḥaf al-Miṣrī. 
245 1 0 |a Description sommaire des principaux monuments. 
264 1 |a Le Caire :   |b Organisme général des imprimeries gouvernementales,   |c 1964. 
300 |a 261, xxii pages, 63 unnumbered leaves of plates :   |b illustrations, plans ;   |c 19 cm. 
500 |a Cover title: Guide du musée egyptien du Caire. 
500 |a Includes indexes. 
610 2 0 |a Matḥaf al-Miṣrī   |v Catalogs. 
650 0 |a Art, Egyptian   |v Catalogs. 
650 0 |a Museums  |z Egypt  |z Cairo. 
651 0 |a Egypt   |x Antiquities   |v Catalogs. 
901 |a reviewed 
942 |c BK  |2 lcc 
999 |c 16106  |d 16106